Manuel Mora Valverde: benemérito de la Patria: un político con ética /
সংরক্ষণ করুন:
| প্রধান লেখক: | |
|---|---|
| বিন্যাস: | পাঠ্য |
| বিষয়গুলি: | |
| ট্যাগগুলো: |
ট্যাগ যুক্ত করুন
কোনো ট্যাগ নেই, প্রথমজন হিসাবে ট্যাগ করুন!
|
MARC
| LEADER | 00000 a a2200000 04500 | ||
|---|---|---|---|
| 001 | 17085 | ||
| 003 | |||
| 040 | |||
| 100 | |a Merino del Río, José | ||
| 245 | |a Manuel Mora Valverde: benemérito de la Patria: un político con ética / |c José Merino del Río | ||
| 650 | |a POLITICA | ||
| 650 | |a ETICA | ||
| 650 | |a PARLAMENTO | ||
| 650 | |a PARTIDOS POLITICOS | ||
| 650 | |a GOBIERNO | ||
| 650 | |a DEMOCRACIA | ||
| 650 | |a OPINION | ||
| 773 | |g volumen 6, número 2; páginas 41-58 | ||
| 999 | |c 20854 |d 20854 | ||
